| 000 | 00773cam a22002533a 4500 | ||
|---|---|---|---|
| 001 | 10126 | ||
| 003 | PGUSA | ||
| 005 | 20140828083220.0 | ||
| 008 | 031101s2003||||xxu|||||s|||||000 | eng d | ||
| 040 |
_aPGUSA _beng |
||
| 042 | _adc | ||
| 050 | 4 | _aHD | |
| 100 | 1 |
_aWaugh, Edwin, _d1817-1890 |
|
| 245 | 1 | 0 |
_aHome-Life of the Lancashire Factory Folk during the Cotton Famine _h[electronic resource] / _cEdwin Waugh |
| 260 |
_bProject Gutenberg, _c2003 |
||
| 506 | _aPublic domain in the USA. | ||
| 516 | _aElectronic text | ||
| 653 | _aWorking class -- England -- Lancashire | ||
| 653 | _aCotton famine, 1861-1864 | ||
| 653 | _aLabor -- England -- Lancashire | ||
| 830 | 0 |
_aProject Gutenberg _v10126 |
|
| 856 | 4 | 0 | _uhttp://www.gutenberg.org/ebooks/10126 |
| 942 | _cEB | ||
| 999 |
_c239381 _d239381 |
||